Normal view MARC view
  • Sinclair, Gordon,

Entry Personal Name

Number of records used in: 1

001 - CONTROL NUMBER

  • control field: 21073

003 - CONTROL NUMBER IDENTIFIER

  • control field: NUST

005 - DATE AND TIME OF LATEST TRANSACTION

  • control field: 20190923112512.0

008 - FIXED-LENGTH DATA ELEMENTS

  • fixed length control field: 190923|| aca||aabn | a|a d

040 ## - CATALOGING SOURCE

  • Original cataloging agency: NUST
  • Transcribing agency: NUST

100 ## - HEADING--PERSONAL NAME

  • Personal name: Sinclair, Gordon,
  • Dates associated with a name: 1900-

670 ## - SOURCE DATA FOUND

  • Source citation: Work cat.: (NUST)0: Sinclair, Gordon, 1900-, Khyber caravan :, 1978 [i.e. 1977]
© 2023 Central Library, National University of Sciences and Technology. All Rights Reserved.